[Event "US Championship (Women)"]
[Site "St Louis, MO USA"]
[Date "2011.04.16"]
[EventDate "2011.04.15"]
[Round "2"]
[Result "1-0"]
[White "Sabina-Francesca Foisor"]
[Black "Alisa Melekhina"]
[WhiteElo "2350"]
[BlackElo "2304"]
[PlyCount "157"]

1. d4 Nf6 2. c4 g6 3. Nc3 Bg7 4. e4 d6 5. Nf3 O-O 6. Be2 Na6
7. O-O e5 8. Be3 c6 9. d5 Ng4 10. Bg5 f6 11. Bh4 c5 12. Nd2
Nh6 13. a3 Bd7 14. Rb1 Qe8 15. g4 Nf7 16. b4 b6 17. Kh1 Bh6
18. Bxf6 Ng5 19. Bxg5 Bxg5 20. Nf3 Bf4 21. Rg1 Qc8 22. Ne1 Qd8
23. Ng2 Bg5 24. Rf1 Rf7 25. f4 exf4 26. e5 dxe5 27. Ne4 Bh6
28. Bf3 Bf8 29. d6 Rc8 30. b5 Nb8 31. Qd5 Bg7 32. Rfe1 Kf8
33. Rbd1 h6 34. Nf2 Qe8 35. Nh4 Rf6 36. Rxe5 Re6 37. Rxe6 Bxe6
38. Qd3 Bd4 39. Nxg6+ Kg7 40. Nxf4 Bxf2 41. Qe2 Bxc4 42. Qxc4
Nd7 43. Ne6+ Kh8 44. Qc3+ Bd4 45. Nxd4 cxd4 46. Qxd4+ Qe5
47. Bc6 Qxd4 48. Rxd4 Nf6 49. h4 Kg7 50. g5 hxg5 51. hxg5 Nh7
52. Ra4 Nxg5 53. Rxa7+ Kf6 54. Ra6 Rb8 55. d7 Ke7 56. Ra4 Ne6
57. Re4 Kd6 58. Kg2 Rd8 59. Kf2 Rf8+ 60. Ke1 Rh8 61. Kd2 Nd8
62. Re8 Rh2+ 63. Kc3 Kc7 64. a4 Rh4 65. Kb3 Rd4 66. Rh8 Rd3+
67. Kc4 Rd6 68. Bd5 Rxd7 69. Rh6 Rg7 70. a5 bxa5 71. b6+ Kb8
72. Rh8 Rd7 73. Kc5 a4 74. Bc6 Rd2 75. Bxa4 Kc8 76. Bb3 Kb8
77. Bd5 Rc2+ 78. Kd6 Rc8 79. Kd7 1-0